[Event "POL-chT U19 1st League"]
[Site "Maslow Pierwszy"]
[Date "2014.08.01"]
[Round "8"]
[White "Madrawski, Krzysztof"]
[Black "Wilk, Maciej"]
[Result "1-0"]
[WhiteElo "1769"]
[BlackElo "1743"]
[PlyCount "79"]
[EventDate "2014.07.25"]
[EventType "team-tourn"]
[EventRounds "9"]
[EventCountry "POL"]
[SourceTitle "EXT 2015"]
[Source "ChessBase"]
[SourceDate "2014.11.20"]
[SourceVersion "1"]
[SourceVersionDate "2014.11.20"]
[SourceQuality "1"]
[WhiteTeam "Zary ZKSz U19"]
[BlackTeam "Myslenice MLKSz U19"]
[WhiteTeamCountry "POL"]
[BlackTeamCountry "POL"]

1. e4 e6 2. d4 d5 3. e5 c5 4. c3 Nc6 5. Nf3 Bd7 6. a3 Qc7 7. b4 cxd4 8. cxd4 Nge7 9. Bd3 Nf5 10. Be3 Be7 11. 0-0 0-0 12. Nbd2 f6 13. Rc1 Qb6 14. Bxf5 exf5 15. Nb3 a5 16. Nc5 Rfd8 17. b5 Nb8 18. a4 Be8 19. exf6 Bxf6 20. Ne5 Nd7 21. f4 Ra7 22. Qb3 Qd6 23. Rc2 b6 24. Ncd3 Nf8 25. Nc6 Bxc6 26. Rxc6 Qb8 27. Ne5 Ng6 28. Rfc1 Ne7 29. R6c3 Bxe5 30. dxe5 Kh8 31. Bd4 Rb7 32. Qc2 h6 33. g3 Qa8 34. Kf2 Rbb8 35. Qd2 Kg8 36. Qe3 Rd7 37. e6 Rdb7 38. Qe5 Nc8 39. Rc7 Rxc7 40. Rxc7 1-0

[Event "Ogolnopolski-ch 55th"]
[Site "Zamosc"]
[Date "2013.??.??"]
[Round "2.43"]
[White "Glebocki, Piotr"]
[Black "Wilk, Maciej"]
[Result "1-0"]
[WhiteElo "1403"]
[BlackElo "1677"]
[PlyCount "93"]
[EventDate "2013.06.07"]
[EventType "swiss"]
[EventRounds "9"]
[EventCountry "POL"]
[SourceTitle "EXT 2014"]
[Source "ChessBase"]
[SourceDate "2013.11.20"]
[SourceVersion "1"]
[SourceVersionDate "2013.11.20"]
[SourceQuality "1"]

1. e4 c5 2. Nf3 e6 3. d4 cxd4 4. Nxd4 Nc6 5. Nc3 Nf6 6. Be3 Bb4 7. Bd3 Qa5 8. Nb3 Qd8 9. Bd2 d5 10. 0-0 0-0 11. f4 dxe4 12. Nxe4 Bxd2 13. Qxd2 Nxe4 14. Bxe4 Qb6+ 15. Qf2 Qb4 16. Bd3 e5 17. Rae1 exf4 18. Qxf4 Qxf4 19. Rxf4 Be6 20. Nc5 Nd8 21. Be4 Rb8 22. Rd1 b6 23. Nd7 Bxd7 24. Rxd7 a5 25. Bd5 b5 26. a3 Rc8 27. c3 Rc5 28. Ba2 Re5 29. Kf2 Ne6 30. Rf3 Ng5 31. Re3 Rxe3 32. Kxe3 Rb8 33. h4 Ne6 34. Bxe6 fxe6 35. Re7 b4 36. cxb4 axb4 37. a4 Rb6 38. b3 Kf8 39. Rd7 Rc6 40. Kd4 Rc3 41. a5 e5+ 42. Ke4 Ke8 43. Rxg7 Rc6 44. Rxh7 Ra6 45. Rh5 Rxa5 46. Rxe5+ Rxe5+ 47. Kxe5 1-0

[Event "Krakow op-B 23rd"]
[Site "Krakow"]
[Date "2012.12.30"]
[Round "5"]
[White "Kucharska, Honorata"]
[Black "Wilk, Maciej"]
[Result "1/2-1/2"]
[WhiteElo "1558"]
[BlackElo "1646"]
[PlyCount "39"]
[EventDate "2012.12.27"]
[EventType "swiss"]
[EventRounds "9"]
[EventCountry "POL"]
[SourceTitle "CBM 152 Extra"]
[Source "ChessBase"]
[SourceDate "2013.02.25"]
[SourceVersion "1"]
[SourceVersionDate "2013.02.25"]
[SourceQuality "1"]

1. e4 c5 2. c3 d5 3. exd5 Qxd5 4. d4 Nf6 5. Nf3 Bg4 6. Be2 Nc6 7. 0-0 e6 8. Be3 cxd4 9. cxd4 Be7 10. Nc3 Qd8 11. h3 Bh5 12. Rc1 0-0 13. Qd2 Rc8 14. Rfd1 Nd5 15. Nxd5 Qxd5 16. Bc4 Qf5 17. Be2 Qd5 18. Bc4 Qf5 19. Be2 Qd5 20. Bc4 1/2-1/2

[Event "Krakow op-B 23rd"]
[Site "Krakow"]
[Date "2012.12.28"]
[Round "2"]
[White "Grochulski, Grzegorz"]
[Black "Wilk, Maciej"]
[Result "1-0"]
[WhiteElo "2067"]
[BlackElo "1646"]
[PlyCount "59"]
[EventDate "2012.12.27"]
[EventType "swiss"]
[EventRounds "9"]
[EventCountry "POL"]
[SourceTitle "CBM 152 Extra"]
[Source "ChessBase"]
[SourceDate "2013.02.25"]
[SourceVersion "1"]
[SourceVersionDate "2013.02.25"]
[SourceQuality "1"]

1. e4 g6 2. d4 Bg7 3. Nc3 d6 4. Bc4 e6 5. f4 Ne7 6. Nf3 Nd7 7. 0-0 0-0 8. Be3 Nf6 9. Bd3 b6 10. a4 a5 11. Qe1 Bb7 12. Qh4 d5 13. e5 Nd7 14. g4 c5 15. Nb5 cxd4 16. Bxd4 Nc5 17. Qf2 Rc8 18. Nd6 Rc7 19. f5 exf5 20. gxf5 Nxf5 21. Bxf5 gxf5 22. Nxf5 Rc6 23. Nxg7 Ne4 24. Qe3 Kxg7 25. Kh1 Re8 26. e6+ f6 27. Rg1+ Kh8 28. Ng5 Re7 29. Nf7+ Rxf7 30. exf7 1-0

[Event "World School-ch U13 7th"]
[Site "Krakow"]
[Date "2011.05.06"]
[Round "7"]
[White "Wilk, Maciej"]
[Black "Usseinov, Chingis"]
[Result "0-1"]
[WhiteElo "1600"]
[BlackElo "1819"]
[PlyCount "60"]
[EventDate "2011.04.30"]
[EventType "swiss"]
[EventRounds "9"]
[EventCountry "POL"]
[SourceTitle "CBM 142 Extra"]
[Source "ChessBase"]
[SourceDate "2011.06.27"]
[SourceVersion "1"]
[SourceVersionDate "2011.06.27"]
[SourceQuality "1"]

1. e4 e6 2. d4 d5 3. e5 c5 4. Nf3 Nc6 5. Bb5 Qb6 6. Bxc6+ Qxc6 7. c3 cxd4 8. cxd4 Ne7 9. Nc3 Bd7 10. Qb3 Rc8 11. 0-0 Nf5 12. Be3 Be7 13. Bf4 0-0 14. g4 Nh6 15. Bxh6 gxh6 16. Qc2 Kh8 17. Qd2 Rg8 18. h3 Rg6 19. Qf4 Rf8 20. Rac1 Qb6 21. Rc2 f5 22. Qe3 fxg4 23. hxg4 Rxg4+ 24. Kh1 Rgf4 25. Nh2 Qxd4 26. Qxd4 Rxd4 27. f3 Rc4 28. Rg2 Bg5 29. Rfg1 Rh4 30. Ne2 Rxf3 0-1